000 00704nam a2200205 i 4500
001 25042
003 ES-MaACL
005 20251013063046.0
007 t|
008 021220s1920 sp ||||1| spa d
100 1 _aAra, Pedro,
_d1898-1973
_922140
245 1 0 _aContribución al estudio de los injertos oseos :
_bmemoria para optar al grado de doctor /
_cPedro Ara Sarriá.
260 _aMadrid :
_bPlus Ultra,
_c[1920]
300 _a26 p. :
_bil. ;
_c28 cm.
502 _aTesis doctoral.
594 _aPrecede al tít.: Universidad Central, Facultad de Medicina.
650 4 _aInjertos óseos.
_9161301
852 _aES-MaACL
_j1585-F-18
_z.- Ded. ms. del autor
999 _c25042
_d25042